[Event "II Liga CS - Zapad"]
[Site "Vrnjacka banja"]
[Date "2008.09.14"]
[Round "1.1"]
[White "Jakic, Vidan"]
[Black "Marcetic, Predrag"]
[Result "0-1"]
[WhiteElo "2109"]
[BlackElo "2212"]
[Annotator ",compaq"]
[PlyCount "31"]
[EventDate "2008.09.14"]

1. e4 e5 2. Bc4 Nf6 3. d3 Nc6 4. Nf3 Bc5 5. Nc3 d6 6. Be3 b6 7. Bxc5 dxc5 8. h3
Qe7 9. O-O Be6 10. Nd5 Qd7 11. Ne3 h6 12. Nh4 g5 13. Qf3 O-O-O 14. Qxf6 gxh4
15. Bd5 Nd4 16. Rad1 {necitko} 0-1

[Event "II Liga CS - Zapad"]
[Site "Vrnjacka banja"]
[Date "2008.09.14"]
[Round "1.1"]
[White "Zecevic, Igor"]
[Black "Djokovic, Nebojsa"]
[Result "0-1"]
[WhiteElo "1862"]
[BlackElo "2158"]
[PlyCount "62"]
[EventDate "2008.09.14"]

1. d4 Nf6 2. c4 d5 3. Nc3 c6 4. cxd5 cxd5 5. Nf3 Nc6 6. Bf4 a6 7. e3 g6 8. Ne5
Bg7 9. Bd3 O-O 10. Nxc6 bxc6 11. O-O Nh5 12. Bg3 Nxg3 13. hxg3 e5 14. Ne2 Bg4
15. f3 Bd7 16. dxe5 Bxe5 17. Rb1 Rb8 18. b4 Qb6 19. Qd2 Rfe8 20. a3 Bg7 21. Kf2
Re7 22. Rfe1 Rbe8 23. Nc1 Rxe3 24. Rxe3 Bd4 25. Kf1 Bxe3 26. Qc2 Qd8 27. Nb3
Qg5 28. Nc5 Bc8 29. Re1 Qh6 30. Rxe3 Qxe3 31. Qf2 Qc1+ 0-1

[Event "II Liga CS - Zapad"]
[Site "Vrnjacka banja"]
[Date "2008.09.14"]
[Round "1.1"]
[White "Mijanovic, Dragan"]
[Black "Vuckovic, Lidija"]
[Result "1-0"]
[WhiteElo "2115"]
[BlackElo "1766"]
[PlyCount "53"]
[EventDate "2008.09.14"]

1. d4 Nf6 2. Nf3 c5 3. e3 e6 4. Be2 d5 5. O-O Nc6 6. b3 cxd4 7. exd4 Bd6 8. Bb2
O-O 9. Nbd2 b6 10. Rc1 Bb7 11. a3 Qe7 12. b4 Rac8 13. c4 dxc4 14. Nxc4 Bb8 15.
b5 Nd8 16. a4 Ne8 17. Ba3 Nd6 18. Nfe5 Re8 19. Bf3 Bxf3 20. Qxf3 N8b7 21. Nc6
Qc7 22. N4e5 Nd8 23. Na5 Qe7 24. Rxc8 bxa5 25. Rxb8 Qc7 26. Bxd6 Qxd6 27. Qxf7+
1-0

[Event "II Liga CS - Zapad"]
[Site "Vrnjacka banja"]
[Date "2008.09.14"]
[Round "1.3"]
[White "Jacimovic, Dragoljub"]
[Black "Sredojevic, Ivan"]
[Result "1/2-1/2"]
[WhiteElo "2417"]
[BlackElo "2396"]
[PlyCount "139"]
[EventDate "2008.09.14"]

1. d4 Nf6 2. c4 e6 3. Nc3 d5 4. cxd5 exd5 5. Bg5 Be7 6. e3 O-O 7. Bd3 Nbd7 8.
Nf3 c6 9. Qc2 Re8 10. h3 Nf8 11. Bf4 Bd6 12. Bxd6 Qxd6 13. O-O-O Be6 14. Kb1
Rac8 15. Rc1 N6d7 16. Rhd1 c5 17. dxc5 Rxc5 18. Nd4 a6 19. f4 f6 20. Nxe6 Qxe6
21. Qb3 Kh8 22. e4 dxe4 23. Qxe6 Rxe6 24. Nxe4 Rd5 25. Nc3 Rdd6 26. Bf5 Rxd1
27. Rxd1 Re7 28. Nd5 Rf7 29. Rc1 g6 30. Bxd7 Rxd7 31. Nxf6 Rd6 32. Ne4 Rd7 33.
Rc8 Kg7 34. Nc5 Re7 35. Rb8 Re1+ 36. Kc2 Re2+ 37. Kc3 Rxg2 38. Rxb7+ Kf6 39.
Ne4+ Ke6 40. Ng5+ Kd6 41. Rb6+ Kd5 42. Rxa6 h6 43. Ra5+ Kc6 44. Ne4 Rh2 45.
Ra6+ Kd7 46. Nc5+ Ke7 47. b4 Rxh3+ 48. Kd4 Rf3 49. Ke4 Rf1 50. Ra7+ Ke8 51. b5
Rb1 52. a4 h5 53. Kf3 Rb4 54. Rc7 Kd8 55. Rf7 Ke8 56. Rb7 Rc4 57. Rc7 Rc3+ 58.
Kg2 Nd7 59. Rxd7 Rxc5 60. Rd6 Rc2+ 61. Kg3 Rc3+ 62. Kh4 Rc4 63. a5 Rxf4+ 64.
Kg3 Ra4 65. a6 g5 66. Rd3 Ra5 67. Rb3 Kd7 68. b6 Kc8 69. a7 Kb7 70. Kf3 1/2-1/2

[Event "II Liga CS - Zapad"]
[Site "Vrnjacka banja"]
[Date "2008.09.14"]
[Round "1.3"]
[White "Gajic, Branko"]
[Black "Zlatanovic, Boroljub"]
[Result "0-1"]
[WhiteElo "2159"]
[BlackElo "2386"]
[PlyCount "75"]
[EventDate "2008.09.14"]

1. e4 e6 2. d4 d5 3. Nc3 Bb4 4. exd5 exd5 5. Bd3 Nc6 6. Nge2 Nge7 7. O-O Bf5 8.
Be3 O-O 9. Ng3 Bxd3 10. Qxd3 Qd7 11. a3 Bxc3 12. Qxc3 Nf5 13. Rfe1 Rfe8 14. Re2
Nxg3 15. fxg3 Re4 16. Rf1 Rae8 17. Rf3 Qe6 18. Kf2 Ne7 19. Rf4 Nf5 20. Rxe4
Qxe4 21. Re1 Re6 22. Qd3 Qxd3 23. cxd3 h5 24. h3 Rf6 25. Bg5 Rb6 26. b4 Re6 27.
Re5 Rxe5 28. dxe5 Nd4 29. Be3 Nb5 30. Bc1 Kf8 31. Ke3 Ke7 32. d4 f6 33. exf6+
Kxf6 34. Kd3 c6 35. a4 Nd6 36. Be3 Nc4 37. a5 Kf5 38. Bc1 0-1

[Event "II Liga CS - Zapad"]
[Site "Vrnjacka banja"]
[Date "2008.09.14"]
[Round "1.3"]
[White "Lazic, Dragoljub"]
[Black "Cabarkapa, Miomir"]
[Result "1-0"]
[WhiteElo "2320"]
[BlackElo "2173"]
[PlyCount "86"]
[EventDate "2008.09.14"]

1. e4 d6 2. d4 Nf6 3. Bd3 g6 4. f4 Bg7 5. Nf3 O-O 6. Nc3 c5 7. dxc5 dxc5 8. Be3
Qa5 9. Bd2 Nc6 10. e5 Ne8 11. O-O Qd8 12. Be3 b6 13. Be4 Bb7 14. Qe2 Nc7 15.
Rad1 Qc8 16. Ng5 Ne6 17. Nxe6 Qxe6 18. Bd5 Qc8 19. Qf3 Rb8 20. Rd2 Nb4 21. Bxb7
Qxb7 22. Qg4 Rfd8 23. Rfd1 Rxd2 24. Rxd2 Qc8 25. Qd1 Nc6 26. Ne4 Kf8 27. c3 Rb7
28. b4 Ke8 29. bxc5 b5 30. Ng5 h6 31. Nf3 Rd7 32. Nd4 Nxd4 33. cxd4 e6 34. d5
exd5 35. Rxd5 Qc6 36. Rd6 Rxd6 37. cxd6 a6 38. Qb3 f5 39. Kf2 g5 40. Qd1 gxf4
41. Bxf4 Kd7 42. Qh5 Qc2+ 43. Kg3 Qxa2 1-0

[Event "II Liga CS - Zapad"]
[Site "Vrnjacka banja"]
[Date "2008.09.14"]
[Round "1.3"]
[White "Jovcic, Zoran"]
[Black "Komnenic, Branko"]
[Result "0-1"]
[WhiteElo "2139"]
[BlackElo "2313"]
[PlyCount "89"]
[EventDate "2008.09.14"]

1. Nf3 c5 2. g3 Nc6 3. Bg2 g6 4. O-O Bg7 5. c3 e5 6. d3 Nge7 7. e4 d6 8. Nbd2
O-O 9. Re1 h6 10. a4 Be6 11. Nf1 Qd7 12. Ne3 f5 13. Bh3 f4 14. Bxe6+ Qxe6 15.
Nc4 g5 16. Nfd2 g4 17. Qe2 h5 18. f3 Ng6 19. Rf1 Rf7 20. fxg4 hxg4 21. Rf2 Raf8
22. Nf1 Bh6 23. Bd2 Rf6 24. Be1 Nh8 25. Bd2 Nf7 26. h4 gxh3 27. gxf4 exf4 28.
Nh2 Nce5 29. Nxe5 Nxe5 30. Kh1 f3 31. Rg1+ Kh7 32. Qf1 Bxd2 33. Rxd2 Rg8 34.
Rxg8 Kxg8 35. d4 Ng4 36. e5 dxe5 37. dxe5 Nxe5 38. Rd8+ Kf7 39. Qb1 Qf5 40.
Qxf5 Rxf5 41. Rd5 Rg5 42. Rxc5 f2 43. Nf1 Rg1+ 44. Kh2 Rxf1 45. Kg3 0-1

[Event "II Liga CS - Zapad"]
[Site "Vrnjacka banja"]
[Date "2008.09.14"]
[Round "1.3"]
[White "Milosevic, Slavisa"]
[Black "Djuricic, Toma"]
[Result "1-0"]
[WhiteElo "2282"]
[BlackElo "2171"]
[PlyCount "55"]
[EventDate "2008.09.14"]

1. e4 e6 2. d4 b6 3. Bd3 Bb7 4. Nf3 Nf6 5. Qe2 Be7 6. e5 Nd5 7. a3 c5 8. c4 Nc7
9. dxc5 bxc5 10. Nc3 d5 11. exd6 Bxd6 12. Ne4 Be7 13. Bf4 O-O 14. Rd1 Ne8 15.
Neg5 Nf6 16. Bxh7+ Nxh7 17. Rxd8 Rxd8 18. Nxh7 Kxh7 19. Bg5 Bxg5 20. Nxg5+ Kg6
21. h4 Rd4 22. Qe5 Nc6 23. h5+ Kh6 24. Nxf7+ Kh7 25. Qxe6 Rf8 26. Qg6+ Kg8 27.
Nh6+ Kh8 28. Nf5 1-0

[Event "II Liga CS - Zapad"]
[Site "Vrnjacka banja"]
[Date "2008.09.14"]
[Round "1.3"]
[White "Jocovic, Slobodan"]
[Black "Rihterovic, Milan"]
[Result "0-1"]
[WhiteElo "2159"]
[BlackElo "2252"]
[PlyCount "36"]
[EventDate "2008.09.14"]

1. d4 d5 2. c4 e6 3. Nc3 c5 4. dxc5 d4 5. Ne4 Bxc5 6. Nxc5 Qa5+ 7. Bd2 Qxc5 8.
b4 Qe7 9. Qb3 Nf6 10. f3 e5 11. e4 dxe3 12. Qxe3 O-O 13. Bd3 Nc6 14. c5 Rd8 15.
Rb1 Be6 16. a3 Rd7 17. Bb5 Nd4 18. Qd3 Bf5 0-1

[Event "II Liga CS - Zapad"]
[Site "Vrnjacka banja"]
[Date "2008.09.14"]
[Round "1.4"]
[White "Milosevic, Boban"]
[Black "Ivanovic, Dragutin"]
[Result "0-1"]
[WhiteElo "2291"]
[BlackElo "2343"]
[PlyCount "78"]
[EventDate "2008.09.14"]

1. e4 c5 2. Nf3 e6 3. d4 cxd4 4. Nxd4 Nc6 5. Nxc6 bxc6 6. Bd3 Nf6 7. O-O d5 8.
Nd2 Be7 9. Re1 O-O 10. exd5 cxd5 11. Nf3 Bb7 12. Ne5 Nd7 13. Nxd7 Qxd7 14. Qg4
Rfe8 15. Be3 f5 16. Qh3 Bf6 17. c3 g6 18. f4 d4 19. cxd4 Bd5 20. b3 Rac8 21.
Rac1 Rxc1 22. Rxc1 Rc8 23. Rc5 Be7 24. Rxc8+ Qxc8 25. Bd2 Bf6 26. Qe3 Qc6 27.
Bb4 Bxg2 28. Bc5 Bd5 29. Bf1 Kf7 30. a4 a5 31. Bb5 Qc7 32. Bf1 Qb8 33. Bb5 Bd8
34. b4 axb4 35. Bxb4 Bc7 36. Bd2 Bd6 37. Bc1 Qc7 38. Bb2 Qc2 39. Qe2 Qb1+ 0-1

[Event "II Liga CS - Zapad"]
[Site "Vrnjacka banja"]
[Date "2008.09.14"]
[Round "1.4"]
[White "Milanovic, Slavisa"]
[Black "Rancic, Zoran"]
[Result "1/2-1/2"]
[WhiteElo "2340"]
[BlackElo "2186"]
[PlyCount "87"]
[EventDate "2008.09.14"]

1. c4 e5 2. Nc3 Nf6 3. Nf3 Nc6 4. a3 d5 5. cxd5 Nxd5 6. Qc2 Be7 7. e3 a6 8. b4
O-O 9. Bd3 g6 10. Nxd5 Qxd5 11. Bb2 Bd7 12. h4 Bf6 13. h5 Kg7 14. Be4 Qd6 15.
Rc1 Rac8 16. d3 Rfe8 17. Nd2 Nd8 18. Bf3 Bf5 19. Be2 Qd7 20. f3 gxh5 21. Rxh5
Bg6 22. Rh1 Ne6 23. Kf2 c5 24. Qb3 b5 25. Rcd1 Qa7 26. g3 Rcd8 27. Ne4 Bxe4 28.
dxe4 c4 29. Qc2 Qb6 30. Rh5 Rxd1 31. Qxd1 Nf8 32. Bc3 Qe6 33. Qd5 Nd7 34. Qxe6
Rxe6 35. Bd1 Bd8 36. f4 Rd6 37. Bc2 f6 38. Rh1 Bb6 39. a4 Bc7 40. Ra1 bxa4 41.
Rxa4 h5 42. Ra1 Rb6 43. Kf3 Bd6 44. Ra4 1/2-1/2

[Event "II Liga CS - Zapad"]
[Site "Vrnjacka banja"]
[Date "2008.09.14"]
[Round "1.4"]
[White "Obradovic, Blazimir"]
[Black "Nikolic, Dragovan"]
[Result "0-1"]
[WhiteElo "2257"]
[BlackElo "2307"]
[PlyCount "94"]
[EventDate "2008.09.14"]

1. d4 Nf6 2. Nf3 g6 3. g3 Bg7 4. Bg2 O-O 5. O-O d6 6. c3 Nbd7 7. Nbd2 c6 8. a4
Qc7 9. e4 e5 10. Re1 Re8 11. h3 Nf8 12. b4 Bd7 13. Bb2 Rad8 14. Qb3 b5 15. axb5
cxb5 16. d5 Ra8 17. Ra5 Reb8 18. Rea1 Ne8 19. Kh2 Bh6 20. Kg1 f5 21. Nf1 fxe4
22. N3d2 Nf6 23. Re1 Qc8 24. Kh2 Bf5 25. c4 bxc4 26. Nxc4 Ne8 27. g4 Bf4+ 28.
Kg1 Bd7 29. Bxe4 Qd8 30. Rea1 h5 31. gxh5 Qg5+ 32. Bg2 gxh5 33. Rxa7 Rxa7 34.
Rxa7 Bf5 35. Kh1 Ng6 36. b5 Nh4 37. Nce3 Bg6 38. Qc4 Qd8 39. Be4 Bf7 40. Bd3
Rc8 41. Qa4 Qg5 42. b6 Bxe3 43. Nxe3 Nf3 44. Qd1 Nd4 45. Bxd4 exd4 46. Qf3 Nf6
47. Qf5 Rc1+ 0-1

[Event "II Liga CS - Zapad"]
[Site "Vrnjacka banja"]
[Date "2008.09.14"]
[Round "1.4"]
[White "Vuckovic, Branko"]
[Black "Avramovic, Zoran"]
[Result "1-0"]
[WhiteElo "2226"]
[BlackElo "2238"]
[PlyCount "101"]
[EventDate "2008.09.14"]

1. e4 e5 2. Nf3 Nf6 3. Nc3 Nc6 4. Bb5 Bc5 5. d3 h6 6. Be3 Qe7 7. O-O O-O 8. Nh4
Nd4 9. Bc4 Kh7 10. Na4 d6 11. c3 Nc6 12. Nxc5 dxc5 13. Qf3 Na5 14. Nf5 Bxf5 15.
Qxf5+ g6 16. Bxc5 Qxc5 17. Qxf6 Nxc4 18. dxc4 Qxc4 19. Rad1 Kg8 20. Rd7 Qxa2
21. Rxc7 Qxb2 22. Qxe5 b5 23. h4 Qe2 24. Qf4 a5 25. f3 h5 26. Rf2 Qd1+ 27. Kh2
a4 28. Rd2 Qb3 29. Rdd7 Ra6 30. c4 Qxc4 31. Rxc4 bxc4 32. Qc7 c3 33. Qxc3 Rfa8
34. Qa3 R8a7 35. Rxa7 Rxa7 36. Kg3 Ra6 37. Kf4 Ra5 38. g3 Ra6 39. Kg5 Kg7 40.
Kf4 Kg8 41. Ke5 Kh7 42. Kd5 Kg8 43. Kc5 Ra8 44. Kb6 Rb8+ 45. Kc7 Rb3 46. Qxa4
Rxf3 47. Qe8+ Kg7 48. Kd6 Rd3+ 49. Ke7 Rxg3 50. Qxf7+ Kh6 51. e5 1-0

[Event "II Liga CS - Zapad"]
[Site "Vrnjacka banja"]
[Date "2008.09.14"]
[Round "1.4"]
[White "Mircic, Ivan"]
[Black "Dragicevic, Dragan"]
[Result "1/2-1/2"]
[WhiteElo "2230"]
[BlackElo "2202"]
[PlyCount "73"]
[EventDate "2008.09.14"]

1. Nf3 Nf6 2. g3 g6 3. Bg2 Bg7 4. O-O d6 5. d4 O-O 6. c4 c6 7. Nc3 Qa5 8. h3
Nbd7 9. a3 e5 10. d5 c5 11. Rb1 Ne8 12. b4 Qd8 13. e4 h6 14. g4 b6 15. Be3 Qe7
16. Qd2 Kh7 17. b5 Nef6 18. a4 Rh8 19. Ne1 Nf8 20. f4 exf4 21. Bxf4 g5 22. Bg3
N6d7 23. Nf3 Ng6 24. Rbe1 Be5 25. Nxe5 Ndxe5 26. Qe2 Kg7 27. Nd1 a5 28. Ne3 Ra7
29. Nf5+ Bxf5 30. exf5 Nf4 31. Bxf4 gxf4 32. Rxf4 f6 33. Re4 Kf8 34. Qf2 Qg7
35. Qe3 Qg5 36. Qxg5 hxg5 37. Kh2 1/2-1/2

[Event "II Liga CS - Zapad"]
[Site "Vrnjacka banja"]
[Date "2008.09.14"]
[Round "1.6"]
[White "Rizovic, Sefcet"]
[Black "Radibratovic, Predrag"]
[Result "0-1"]
[WhiteElo "2036"]
[BlackElo "2334"]
[PlyCount "96"]
[EventDate "2008.09.14"]

1. e4 d5 2. Nc3 c6 3. d4 dxe4 4. Nxe4 Bf5 5. Ng3 Bg6 6. Nf3 Nd7 7. Bf4 Qb6 8.
b3 e6 9. c3 Ngf6 10. Nh4 c5 11. Bc4 cxd4 12. Qxd4 Qxd4 13. cxd4 Bb4+ 14. Ke2
O-O 15. Nxg6 hxg6 16. h4 Nd5 17. Bg5 b5 18. Bxd5 exd5 19. Kd3 Rac8 20. Rac1 Ba3
21. Rxc8 Rxc8 22. h5 gxh5 23. Nxh5 f6 24. Bd2 Bd6 25. f4 f5 26. Ng3 g6 27. Re1
Kf7 28. Rh1 Nf6 29. Ne2 Kg7 30. Rc1 Rxc1 31. Bxc1 Ne4 32. Nc3 Nxc3 33. Kxc3 Kh6
34. Kd3 Kh5 35. Ke3 Kg4 36. Kf2 Bxf4 37. Ba3 Bg3+ 38. Ke3 Bc7 39. Bc5 a6 40.
Kf2 Kf4 41. Ke2 Ke4 42. Kd2 Ba5+ 43. b4 Bd8 44. Ba7 Bf6 45. Kc3 Ke3 46. g3 g5
47. Bb6 f4 48. gxf4 gxf4 0-1

[Event "II Liga CS - Zapad"]
[Site "Vrnjacka banja"]
[Date "2008.09.14"]
[Round "1.6"]
[White "Djakovac, Enes"]
[Black "Radojcic, Slobodan"]
[Result "0-1"]
[WhiteElo "2205"]
[BlackElo "2263"]
[PlyCount "93"]
[EventDate "2008.09.14"]

1. e4 e5 2. Nf3 Nc6 3. Bb5 a6 4. Ba4 Nf6 5. O-O Be7 6. Re1 b5 7. Bb3 d6 8. c3
O-O 9. d4 Bg4 10. d5 Na5 11. Bc2 c6 12. dxc6 Qc7 13. Bg5 h6 14. Bxf6 Bxf6 15.
Nbd2 Be6 16. Nf1 Qxc6 17. Ne3 g6 18. Nd5 Bxd5 19. exd5 Qc7 20. Re4 Bg7 21. Rg4
Nc4 22. b3 Nb6 23. Rc1 Rac8 24. c4 bxc4 25. bxc4 h5 26. Rh4 Bh6 27. Rxh5 gxh5
28. Nh4 Qe7 29. Nf5 Qg5 30. f4 Qxf4 31. Rb1 Rxc4 32. Qxh5 Rxc2 33. Rf1 Rxg2+
34. Kxg2 Qg5+ 35. Qxg5+ Bxg5 36. Rd1 Rd8 37. Kf3 Kh7 38. Ke4 Na4 39. Rg1 f6 40.
h4 Nc5+ 41. Kf3 Bh6 42. Rb1 e4+ 43. Kg4 Bd2 44. Kh5 e3 45. Nd4 Re8 46. Ne6 e2
47. Rb7+ 0-1

[Event "II Liga CS - Zapad"]
[Site "Vrnjacka banja"]
[Date "2008.09.14"]
[Round "1.6"]
[White "Bosiljcic, Zoran"]
[Black "Milosavljevic, Milisav"]
[Result "1/2-1/2"]
[WhiteElo "2113"]
[BlackElo "2216"]
[PlyCount "51"]
[EventDate "2008.09.14"]

1. e4 c5 2. Nf3 e6 3. d4 cxd4 4. Nxd4 Nf6 5. Nc3 Nc6 6. g3 Bb4 7. Bg2 d5 8. O-O
Bxc3 9. bxc3 O-O 10. exd5 exd5 11. c4 Nxd4 12. Qxd4 Be6 13. Rd1 dxc4 14. Bxb7
Qxd4 15. Rxd4 Rab8 16. Bf3 h6 17. a4 c3 18. Ba3 Rfc8 19. Rb4 Bf5 20. Rxb8 Rxb8
21. Rc1 a5 22. Bd6 Rb2 23. Be5 Rxc2 24. Rxc2 Bxc2 25. Bxc3 Bxa4 26. Bxa5
1/2-1/2

[Event "II Liga CS - Zapad"]
[Site "Vrnjacka banja"]
[Date "2008.09.14"]
[Round "1.6"]
[White "Milosavljevic, Zoran"]
[Black "Pecinar, Zoran"]
[Result "1/2-1/2"]
[WhiteElo "2217"]
[BlackElo "2130"]
[PlyCount "84"]
[EventDate "2008.09.14"]

1. e4 c5 2. Nf3 d6 3. d4 cxd4 4. Nxd4 Nf6 5. Nc3 g6 6. Bc4 Bg7 7. O-O O-O 8. h3
Nc6 9. Nf3 Bd7 10. Bg5 Rc8 11. Qd2 Na5 12. Bd3 Nc4 13. Qc1 Qa5 14. Rb1 Rfe8 15.
Re1 b5 16. a3 Nxb2 17. Rxb2 Qxc3 18. e5 dxe5 19. Nxe5 Nd5 20. Bxb5 Bxb5 21.
Rxb5 Nb6 22. Ng4 Rc7 23. Rb3 Qc6 24. Bf4 Qxc2 25. Bxc7 Qxb3 26. Qc6 Qa4 27. Qb7
Nc4 28. Re4 Qd1+ 29. Kh2 Nd6 30. Qc6 Kf8 31. Qd7 f5 32. Rxe7 Rxe7 33. Bxd6 Qe2
34. Bxe7+ Qxe7 35. Qc8+ Kf7 36. Qc4+ Kf8 37. Ne3 Qxa3 38. Qc8+ Kf7 39. Qc4+ Kf8
40. Nd5 Qd6+ 41. g3 Be5 42. Qc8+ Kf7 1/2-1/2